Music Quiz

Random Music or Song Quiz

Longest U2 Titles Quiz Stats

 Plays Quiz not verified by Sporcle

Challenge
Share
Tweet
Embed
Score 0/32 Timer 07:00
0 Plays Today
# Words Song Title % Correct
NineStuck In a Moment You Can't Get Out Of
83.7%
EightI Still Haven't Found What I'm Looking For
81.7%
EightSometimes You Can't Make It On Your Own
79.8%
SixWhere the Streets Have No Name
78.8%
SixWho's Gonna Ride Your Wild Horses
76%
NineI'll Go Crazy If I Don't Go Crazy Tonight
75%
EightTryin' To Throw Your Arms Around the World
74%
SixEven Better Than the Real Thing
70.2%
SixIf God Will Send His Angels
68.3%
SevenDaddy's Gonna Pay For Your Crashed Car
67.3%
EightHold Me, Thrill Me, Kiss Me, Kill Me
67.3%
SixIf You Wear That Velvet Dress
67.3%
SixPride (In the Name of Love)
66.3%
EightThis Is Where You Can Reach Me Now
66.3%
SixSome Days Are Better Than Others
65.4%
SixUntil the End of the World
64.4%
# Words Song Title % Correct
SevenCalifornia (There Is No End To Love)
59.6%
SevenI Threw a Brick Through a Window
57.7%
SixWhen I Look at the World
52.9%
SixYou're the Best Thing About Me
52.6%
SevenThe Little Things That Give You Away
52.6%
ElevenAlex Descends Into Hell For a Bottle of Milk/Korova 1
41.3%
SixLuminous Times (Hold On To Love)
37.5%
SixTrash, Trampoline and the Party Girl
36.5%
EightTwo Shots of Happy, One Shot of Sad
35.6%
SixA Room at the Heartbreak Hotel
29.8%
SevenTreasure (Whatever Happened To Pete the Chop)
27.9%
SixNorth and South of the River
26.9%
SixWhere Did It All Go Wrong
26.9%
SixDon't Take Your Guns To Town
20.2%
SevenCorpse (These Chains Are Way Too Long)
19.2%
SevenBeautiful Ghost/Introduction To Songs of Experience
7.7%

You're not logged in!

Compare scores with friends on all Sporcle quizzes.
OR
Log In

You Might Also Like...

Show Comments

Extras

Created Feb 19, 2015ReportNominate
Tags:Song Quiz, count, longest, parentheses

Top Quizzes Today


Score Distribution

Your Account Isn't Verified!

In order to create a playlist on Sporcle, you need to verify the email address you used during registration. Go to your Sporcle Settings to finish the process.

Report this User

Report this user for behavior that violates our Community Guidelines.

Details: